000
00294nam a2200109Ia 4500
008
171211s9999 xx 000 0 und d
245
_a
Sorghum and Millets Diseases
245
_c
John F. Leslie
260
_c
2003
650
_x
Biology
856
_u
http://down.ebook777.com/062/9780813803890.pdf
999
_c
350390
_d
350390